| 000 | 01662cab a2200301 4500 | ||
|---|---|---|---|
| 001 | ABS52098 | ||
| 008 | 090401t1994 xxu||||| |||| 00| 0 eng d | ||
| 035 | _a(Sirsi) u60473 | ||
| 041 | _aeng | ||
| 245 | _aKolbe House Society v Department of Transport | ||
| 260 | _c1994 | ||
| 350 | _a0 | ||
| 490 |
_aProperty and Compensation Reports _v(1994) 68 PCR 569-590(22) |
||
| 520 | _aLT 11 July 1994. The property in question was a home, run by a charity for the relief of people from eastern Europe, which was compulsorily purchased. K contended that the compensation should be assessed on the cost of equivalent reinstatement as set out under Land Compensation Act 1961 s5 rule 5, as there would be no comparables and the aim was to reinstate the home elsewhere. The acquiring authority argued for an assessment on a market value basis contending that the property was being used as a old folks home. Held that the use was not that of a residential care home available to a wide range of people from the community at large, so there was no proven demand or market for it; it should be valued by the equivilent reinstatement method. | ||
| 650 | _aCOMPENSATION | ||
| 650 |
_aCompulsory purchase _96228 |
||
| 650 | _aEASTERN EUROPE | ||
| 650 | _aEQUIVALENT REINSTATEMENT VALUE | ||
| 650 | _aKOLBE HOUSE SOCIETY V DEPARTMENT OF TRANSPORT | ||
| 650 | _aLAND COMPENSATION ACT 1961 S5-RULE-5 | ||
| 650 | _aMARKET VALUE | ||
| 650 | _aPOLAND | ||
| 650 | _aREFUGEES | ||
| 650 | _aRESIDENTIAL CARE HOMES | ||
| 690 | _aENVIRONMENTAL AND LAND CONSULTANCY-PLANNING AND DEVELOPMENT-COMPULSORY PURCHASE AND COMPENSATION | ||
| 942 | _n0 | ||
| 948 | _c04/03/1997 | ||
| 999 |
_c37303 _d37303 |
||